Statistiques concernant Grille de mots mini #12

Cliquez ici pour prendre le quiz!

Statistiques générales

  • Ce quiz a été pris 42 fois
  • Le résultat moyen est 23 sur 25

Statistiques - réponses

Place de la lettreRéponses% Correct
1 DA
100%
2 DI
100%
4 DE
97%
3 DN
97%
2 BE
95%
5 DS
95%
2 EA
92%
1 AG
92%
2 CN
92%
2 AR
92%
1 BR
92%
1 CA
90%
5 AE
90%
5 EE
90%
4 AL
90%
1 EL
90%
3 AO
90%
4 BE
87%
5 CE
87%
3 CI
87%
5 BR
87%
3 ES
87%
4 CS
87%
4 ES
87%
3 BV
87%

Distribution des résultats

Percentile par nombre de réponses

% des personnes avec chaque résultat

Votre développement - résultats

Vous n’avez pas pris ce quiz